Quantum Geometry :A statistical field theory approach. (Record no. 5838)

MARC details
000 -LEADER
fixed length control field 00588nam a22001937a 4500
003 - CONTROL NUMBER IDENTIFIER
control field OSt
005 - DATE AND TIME OF LATEST TRANSACTION
control field 20170509134938.0
008 - FIXED-LENGTH DATA ELEMENTS--GENERAL INFORMATION
fixed length control field 170509b xxu||||| |||| 00| 0 eng d
020 ## - INTERNATIONAL STANDARD BOOK NUMBER
International Standard Book Number 0521461677
040 ## - CATALOGING SOURCE
Transcribing agency DDC.
082 ## - DEWEY DECIMAL CLASSIFICATION NUMBER
Classification number 530.1AMB 1997.
100 ## - MAIN ENTRY--PERSONAL NAME
Personal name Ambjorn,Jan;Durhuus,Bergfinnur;Jonsson,Thordur;
9 (RLIN) 12125
245 ## - TITLE STATEMENT
Title Quantum Geometry :A statistical field theory approach.
260 ## - PUBLICATION, DISTRIBUTION, ETC. (IMPRINT)
Place of publication, distribution, etc. Cambridge;Cambridge University Press,1997.
300 ## - PHYSICAL DESCRIPTION
Extent xix,363p;ill:24cm.
504 ## - BIBLIOGRAPHY, ETC. NOTE
Bibliography, etc includes references and index.
650 ## - SUBJECT ADDED ENTRY--TOPICAL TERM
Topical term or geographic name as entry element Matyhematical Physics.
9 (RLIN) 12126
942 ## - ADDED ENTRY ELEMENTS (KOHA)
Source of classification or shelving scheme Dewey Decimal Classification
Koha item type Open Shelf
Holdings
Withdrawn status Lost status Source of classification or shelving scheme Damaged status Not for loan Home library Current library Date acquired Source of acquisition Inventory number Total Checkouts Full call number Barcode Date last seen Price effective from Koha item type
    Dewey Decimal Classification     MUST Main Library MUST Main Library 09/05/2017   04/20764   530.1AMB 1997. 2017-0827 09/05/2017 09/05/2017 Open Shelf
    Dewey Decimal Classification     MUST Main Library MUST Main Library 03/03/2020 Purchase 2004/20765   530.1AMB 1997. 2020-0642 03/03/2020 03/03/2020 Open Shelf